Метрологическое обеспечение и контроль качества химического анализа: учебное пособие

Xehetasun bibliografikoak
Egile nagusia: Пикула Н. П. Нина Павловна
Erakunde egilea: Национальный исследовательский Томский политехнический университет (ТПУ) Институт природных ресурсов (ИПР) Кафедра физической и аналитической химии (ФАХ)
Beste egile batzuk: Бакибаев А. А. Абдигали Абдиманапович, Слепченко Г. Б. Галина Борисовна
Gaia:Заглавие с титульного экрана
В пособии рассмотрены вопросы метрологического обеспечения всех видов деятельности химических, аналитических, испытательных лабораторий. Особое внимание уделено проблемам подтверждения компетентности лабораторий, включая организацию внутрилабораторного контроля качества результатов измерений и анализа. Предназначено для студентов, магистрантов, аспирантов и преподавателей химических и метрологических специальностей вузов.
Режим доступа: из корпоративной сети ТПУ
Hizkuntza:errusiera
Argitaratua: Томск, Изд-во ТПУ, 2012
Gaiak:
Sarrera elektronikoa:http://www.lib.tpu.ru/fulltext2/m/2013/m084.pdf
Formatua: Baliabide elektronikoa Liburua
KOHA link:https://koha.lib.tpu.ru/cgi-bin/koha/opac-detail.pl?biblionumber=235183

MARC

LEADER 00000nlm0a2200000 4500
001 235183
005 20240213144556.0
035 |a (RuTPU)RU\TPU\book\256313 
090 |a 235183 
100 |a 20130405d2012 m y0rusy50 ca 
101 0 |a rus 
102 |a RU 
105 |a a j 001zy 
135 |a drgn ---uucaa 
181 0 |a i  
182 0 |a b 
200 1 |a Метрологическое обеспечение и контроль качества химического анализа  |e учебное пособие  |f Н. П. Пикула, А. А. Бакибаев, Г. Б. Слепченко  |g Национальный исследовательский Томский политехнический университет (ТПУ), Институт природных ресурсов (ИПР), Кафедра физической и аналитической химии (ФАХ) 
203 |a Текст  |c электронный 
210 |a Томск  |c Изд-во ТПУ  |d 2012 
300 |a Заглавие с титульного экрана 
330 |a В пособии рассмотрены вопросы метрологического обеспечения всех видов деятельности химических, аналитических, испытательных лабораторий. Особое внимание уделено проблемам подтверждения компетентности лабораторий, включая организацию внутрилабораторного контроля качества результатов измерений и анализа. Предназначено для студентов, магистрантов, аспирантов и преподавателей химических и метрологических специальностей вузов. 
333 |a Режим доступа: из корпоративной сети ТПУ 
337 |a Adobe Reader 
451 1 |0 (RuTPU)RU\TPU\book\214734  |t Метрологическое обеспечение и контроль качества химического анализа  |o учебное пособие  |f Н. П. Пикула, А. А. Бакибаев, Г. Б. Слепченко  |g Национальный исследовательский Томский политехнический университет (ТПУ)  |c Томск  |n Изд-во ТПУ  |d 2010  |a Пикула, Нина Павловна 
606 1 |a Химический анализ  |x Метрология  |2 stltpush  |3 (RuTPU)RU\TPU\subj\39578  |9 59581 
610 1 |a электронный ресурс 
610 1 |a учебные пособия 
610 1 |a труды учёных ТПУ 
610 1 |a метрологическое обеспечение 
610 1 |a химические лаборатории 
610 1 |a вещества 
610 1 |a материалы 
610 1 |a методы измерения 
610 1 |a аналитический контроль 
610 1 |a количественный химический анализ 
610 1 |a межлабораторные сравнительные испытания 
610 1 |a контроль 
675 |a 543.08(075.8)  |v 3 
700 1 |a Пикула  |b Н. П.  |c химик  |c доцент Томского политехнического университета, кандидат химических наук  |f 1949-  |g Нина Павловна  |3 (RuTPU)RU\TPU\pers\25622  |9 11551 
701 1 |a Бакибаев  |b А. А.  |c химик  |c профессор Томского политехнического университета, доктор химических наук  |f 1960-  |g Абдигали Абдиманапович  |3 (RuTPU)RU\TPU\pers\27073 
701 1 |a Слепченко  |b Г. Б.  |c химик  |c профессор Томского политехнического университета, доктор химических наук  |f 1956-  |g Галина Борисовна  |3 (RuTPU)RU\TPU\pers\25643  |9 11554 
712 0 2 |a Национальный исследовательский Томский политехнический университет (ТПУ)  |b Институт природных ресурсов (ИПР)  |b Кафедра физической и аналитической химии (ФАХ)  |3 (RuTPU)RU\TPU\col\18656 
801 1 |a RU  |b 63413507  |c 20130405 
801 2 |a RU  |b 63413507  |c 20170522  |g RCR 
856 4 |u http://www.lib.tpu.ru/fulltext2/m/2013/m084.pdf 
942 |c CF